ბათუმის შოთა რუსთაველის სახელმწიფო უნივერსიტეტის ბიბლიოთეკა

Спутник агрохимика (ბიბ.ჩანაწერი № 46353)

000 -LEADER
fixed length control field 00544nam a2200193Ia 4500
001 - CONTROL NUMBER
control field 13189
003 - CONTROL NUMBER IDENTIFIER
control field GE_BSU
008 - FIXED-LENGTH DATA ELEMENTS--GENERAL INFORMATION
fixed length control field 181216s||||||||xx |||||||||||||| ||und||
040 ## - CATALOGING SOURCE
Transcribing agency GE_BSU
080 ## - UNIVERSAL DECIMAL CLASSIFICATION NUMBER
Universal Decimal Classification number 631.8
245 ## - TITLE STATEMENT
Title Спутник агрохимика
245 ## - TITLE STATEMENT
Statement of responsibility, etc. Сост.А.П.Васильевский; Кошельков П.Н. Ред.Ф.Ярошенко
260 ## - PUBLICATION, DISTRIBUTION, ETC.
Place of publication, distribution, etc. Москва
260 ## - PUBLICATION, DISTRIBUTION, ETC.
Name of publisher, distributor, etc. Сельхозгиз
260 ## - PUBLICATION, DISTRIBUTION, ETC.
Date of publication, distribution, etc. 1940
300 ## - PHYSICAL DESCRIPTION
Extent 692стр.20см.
653 ## - INDEX TERM--UNCONTROLLED
Uncontrolled term Спутник агрохимика
942 ## - ADDED ENTRY ELEMENTS (KOHA)
Koha item type წიგნი
ეგზემპლარები
Withdrawn status Lost status Damaged status Not for loan Date acquired Barcode Date last seen Price effective from Koha item type
        2018-12-17 20873 2018-12-17 2018-12-17 წიგნი